000 00773nam a22002177a 4500
005 20110927101015.0
010 _aG-001543
020 _c750.00
_a8186299009
035 1 d _aG-001543
037 _bGift
082 _a530
100 _aHalliday, David
_934891
245 _aFundamentals of physics /
_cby David Halliday, Robert Resnick [and] Jearl Walker
260 _aNew Delhi
_bAsian Books
_c1993
300 _avarious pagings
_c25cm(pbk)
700 _a Resnick, Robert
_934892
700 _a Walker, Jearl
_934893
942 _2ddc
_cEN
_h530
_mHAL
999 _c57019
_d57019